| 000 | 01171cab a2200313 4500 | ||
|---|---|---|---|
| 001 | ABS59281 | ||
| 008 | 090401t1998 xxu||||| |||| 00| 0 eng d | ||
| 035 | _a(Sirsi) u88495 | ||
| 041 | _aeng | ||
| 100 | _aBrown, P. | ||
| 245 | _aValuation principles for compulsory purchase | ||
| 260 | _c1998 | ||
| 350 | _a0 | ||
| 490 |
_aIRRV Insight _vSeptember 1998, 16-17(2) |
||
| 520 | _aLooks at the legislation and issues concerning compensation for compulsory purchase of an interest in land. Considers the valuation date for assessment of compensation, planning assumptions, severence and injurious affection. | ||
| 650 | _aCOMPULSORY PURCHASE ACT 1965 | ||
| 650 | _aCOMPULSORY PURCHASE ACT 1973 | ||
| 650 | _aINJURIOUS AFFECTION | ||
| 650 | _aLAND COMPENSATION ACT 1961 | ||
| 650 | _aLAND COMPENSATION ACT 1973 | ||
| 650 | _aPLANNING AND COMPENSATION ACT 1991 | ||
| 650 | _aPLANNING ASSUMPTIONS | ||
| 650 | _aSEVERANCE | ||
| 650 | _aTOWN AND COUNTRY PLANNING ACT 1990 | ||
| 650 |
_aValuation _96273 |
||
| 690 | _aENVIRONMENTAL AND LAND CONSULTANCY-PLANNING AND DEVELOPMENT-COMPULSORY PURCHASE AND COMPENSATION | ||
| 942 | _n0 | ||
| 948 | _c15/09/1998 | ||
| 999 |
_c55913 _d55913 |
||